Normal view MARC view

Entry Nombre personal

Number of records used in: 7

001 - NÚMERO DE CONTROL

  • campo de control: 44216

003 - IDENTIFICADOR DE NÚMERO DE CONTROL

  • campo de control: SpMaBN

005 - FECHA Y HORA DE LA ÚLTIMA TRANSACCIÓN

  • campo de control: 20250727021323.0

008 - ELEMENTOS DE DATO DE LONGITUD-FIJA

  • campo de control de longitud fija: 901120n| aijnnaabn a aaa

016 ## - NÚMERO DE CONTROL DE UNA AGENCIA BIBLIOGRÁFICA NACIONAL

  • Número de control del registro: BNE19900647726

024 7# - IDENTIFICADOR DE OTROS ESTÁNDARES

  • Número estándar o código: http://viaf.org/viaf/21129713/
  • Fuente: viaf

024 8# - IDENTIFICADOR DE OTROS ESTÁNDARES

  • Número estándar o código: https://data.cervantesvirtual.com/person/5737

024 7# - IDENTIFICADOR DE OTROS ESTÁNDARES

  • Número estándar o código: https://isni.org/isni/0000000081002710
  • Fuente: isni

024 7# - IDENTIFICADOR DE OTROS ESTÁNDARES

  • Número estándar o código: http://www.wikidata.org/entity/Q5621413
  • Fuente: wikidata

040 ## - FUENTE DE CATALOGACIÓN

  • Centro catalogador/agencia de origen: SpMaBN
  • Lengua de catalogación: spa
  • Centro/agencia transcriptor: SpMaBN
  • Normas de descripción: rdc
  • Convención/Normas de encabezamiento de materia/tesauro: embne

046 ## - FECHAS CON CODIFICACIÓN ESPECIAL

  • Fecha de nacimiento: 1829
  • Fecha de la muerte: 1884

100 1# - ENCABEZAMIENTO-NOMBRE DE PERSONA

  • Nombre de persona: Díaz de Benjumea, Nicolás,
  • Fechas asociadas al nombre: 1829-1884

374 ## - OCUPACIÓN

  • Ocupación: Poetas
  • Ocupación: Escritores
  • Fuente de información: Wikidata

375 ## - GÉNERO/SEXO

  • Género: Masculino

400 1# - TRAZADO DE VÉASE--NOMBRE DE PERSONA

  • Nombre de persona: Díaz Benjumea, Nicolás,
  • Fechas asociadas al nombre: 1829-1884

400 1# - TRAZADO DE VÉASE--NOMBRE DE PERSONA

  • Nombre de persona: Díaz de Benjumea y de Olla, Nicolás,
  • Fechas asociadas al nombre: 1829-1884

670 ## - FUENTE DE DATOS ENCONTRADOS

  • Cita de la fuente: El correo de Alquife, 1866
  • Información encontrada: port. (Nicolás Díaz de Benjumea)

670 ## - FUENTE DE DATOS ENCONTRADOS

  • Cita de la fuente: Ciencia popular, 1865
  • Información encontrada: port. (Nicolás Díaz Benjumea)

670 ## - FUENTE DE DATOS ENCONTRADOS

  • Cita de la fuente: Espasa
  • Información encontrada: (Díaz de Benjumea y de Olla, Nicolás; poeta, escritor y cervantista español, n. 9-3-1829, m. 8-3-1884, Barcelona)